LEADER 00812nam0-2200277 --450 001 9910863591903321 005 20240621162035.0 100 $a20240621d kmuy0itay5050 ba 101 0 $aeng 102 $aUS 105 $a 001yy 200 1 $aIndustrial waxes$fby H. Bennett 210 $aNew York$cChemical publishing company 215 $av.$d23 cm 327 $a1.: Natural & synthetic waxes$b2.: Compounded waxes & technology 610 0 $aOli e grassi vegetali 676 $a665.3$v23$zita 700 1$aBennett,$bHarry$f<1895-1990>$0294269 801 0$aIT$bUNINA$gREICAT$2UNIMARC 901 $aBK 912 $a9910863591903321 952 $aA MIC 2268-1$b9193/2024$fFAGBC 952 $aA MIC 2268-2$b9194/2024$fFAGBC 959 $aFAGBC 996 $aIndustrial waxes$94169528 997 $aUNINA